000 00582nam a2200181Ia 4500
008 090124s9999 xx 000 0 und d
020 _a81-87889-03-9
082 _b45856
245 _a मराठी वैदयक गं्रथसूची
250 _a1
260 _c2000
300 _a280
630 _a मराठी वैदयक गं्रथसूची
700 _a"महाजन , कविता"
700 _aनाडकर्णी सुरेश
730 _a मराठी वैदयक गं्रथसूची
942 _cBOOK
999 _c112246
_d112246